000 nam a22 7a 4500
999 _c10786
_d10786
008 180223b ||||| |||| 00| 0 eng d
100 _aChabra, T N
_96627
245 _aBusiness studies XI
260 _aNew Delhi
_bArya Publication
_c2015